<?xml version="1.0" encoding="UTF-8"?>
<record
    xmlns:xsi="http://www.w3.org/2001/XMLSchema-instance"
    xsi:schemaLocation="http://www.loc.gov/MARC21/slim http://www.loc.gov/standards/marcxml/schema/MARC21slim.xsd"
    xmlns="http://www.loc.gov/MARC21/slim">

  <leader>00508nam a22001697a 4500</leader>
  <controlfield tag="005">20260109160350.0</controlfield>
  <datafield tag="020" ind1=" " ind2=" ">
    <subfield code="a">9780691119465</subfield>
  </datafield>
  <datafield tag="100" ind1=" " ind2=" ">
    <subfield code="a">Trefethen, Llyod N</subfield>
    <subfield code="9">7636</subfield>
  </datafield>
  <datafield tag="245" ind1=" " ind2=" ">
    <subfield code="a">Spectra and pseudospectra: the behaviour of nonnormal matrices and operators</subfield>
  </datafield>
  <datafield tag="260" ind1=" " ind2=" ">
    <subfield code="a">New Jersey</subfield>
    <subfield code="b">Princeton university press</subfield>
    <subfield code="c">2005</subfield>
  </datafield>
  <datafield tag="300" ind1=" " ind2=" ">
    <subfield code="a">xvii+606</subfield>
  </datafield>
  <datafield tag="650" ind1=" " ind2=" ">
    <subfield code="a">Eigenvalues</subfield>
  </datafield>
  <datafield tag="650" ind1=" " ind2=" ">
    <subfield code="a">Spectrum analysis</subfield>
    <subfield code="9">7637</subfield>
  </datafield>
  <datafield tag="650" ind1=" " ind2=" ">
    <subfield code="a">Differential operators</subfield>
    <subfield code="9">7638</subfield>
  </datafield>
  <datafield tag="700" ind1=" " ind2=" ">
    <subfield code="a">Embree, Mark</subfield>
    <subfield code="9">7639</subfield>
  </datafield>
  <datafield tag="942" ind1=" " ind2=" ">
    <subfield code="2">ddc</subfield>
    <subfield code="c">BK</subfield>
  </datafield>
  <datafield tag="999" ind1=" " ind2=" ">
    <subfield code="c">754919</subfield>
    <subfield code="d">754919</subfield>
  </datafield>
  <datafield tag="952" ind1=" " ind2=" ">
    <subfield code="0">0</subfield>
    <subfield code="1">0</subfield>
    <subfield code="2">ddc</subfield>
    <subfield code="4">0</subfield>
    <subfield code="7">0</subfield>
    <subfield code="8">GIF</subfield>
    <subfield code="a">MAT</subfield>
    <subfield code="b">MAT</subfield>
    <subfield code="c">GEN</subfield>
    <subfield code="d">2026-01-08</subfield>
    <subfield code="e">Donated by Dr. Krishna Kumar G on the completion of SERB sponsored project (UO. No: Ad.F1/1373/2021 dated 22/01/2024)</subfield>
    <subfield code="g">9416.00</subfield>
    <subfield code="l">0</subfield>
    <subfield code="o">530.15 TRE-S</subfield>
    <subfield code="p">MATG228</subfield>
    <subfield code="r">2026-01-09 10:35:41</subfield>
    <subfield code="w">2026-01-09</subfield>
    <subfield code="y">BK</subfield>
  </datafield>
</record>
